| 000 | 00629nam a2200229Ia 4500 | ||
|---|---|---|---|
| 003 | BUBTL | ||
| 008 | 151213s9999 xx 000 0 und d | ||
| 020 | _a981-240-248-9 | ||
| 082 |
_a658.4 _bWEM |
||
| 100 |
_aWeiss, Joseph W. _91514 |
||
| 245 |
_aOrganizational Behavior Change _cWeiss, Joseph W. |
||
| 250 | _a2nd | ||
| 260 |
_aNew York _bVikas _c2001 |
||
| 300 |
_a[xix] , 458p . : _bill , Table ; 25cm . _cManagement . |
||
| 500 | _aIncludes Index . | ||
| 650 | _aManagement | ||
| 650 | _aManagement | ||
| 700 | _aJosep W.Weiss | ||
| 856 |
_k0 _l0 _yDownload |
||
| 942 |
_2ddc _cBK |
||
| 999 |
_c1168 _d1168 |
||